|
|
|
|
| LEADER |
00000nam a2200000 a 4500 |
| 001 |
75035 |
| 003 |
Ucuenca |
| 005 |
20230308190114.0 |
| 008 |
000000|1931 fr |||||r|||||||||||spa|| |
| 040 |
|
|
|b spa
|
| 041 |
0 |
|
|a fre
|
| 082 |
0 |
|
|a 669
|
| 100 |
1 |
|
|a Prost, Eug.
|9 121239
|
| 245 |
|
|
|a Métallurgie des métaux: autres que le fer
|c Eug. Prost
|h imp
|
| 250 |
|
|
|a 2a ed.
|
| 264 |
|
|
|a París
|b Librairie Polytechnique Ch. Béranger
|c 1931
|
| 300 |
|
|
|a vii, 969 páginas:
|b ilu
|c 24.4 cm
|
| 500 |
|
|
|a Vitrina del segundo piso
|
| 504 |
|
|
|a incl. ref.
|
| 650 |
|
|
|a Metales
|9 17342
|
| 650 |
|
0 |
|a Ingeniería química
|9 32996
|
| 650 |
|
|
|a Hierro
|9 4420
|
| 650 |
|
|
|a Metalurgia
|9 12653
|
| 852 |
|
|
|a UC-CDJBV
|f Compra
|l 1
|m Limitada
|p 00000000
|t 75035
|b 1
|d CDRC
|e CDRC
|g 669 SEGUNDO PISO
|z 0000-00-00
|
| 856 |
|
|
|a http://sibuc.ucuenca.edu.ec/portada/75035.jpg
|
| 942 |
|
|
|c BK
|
| 999 |
|
|
|c 71810
|d 71810
|